| 000 | 01150cam a2200325 i 4500 | ||
|---|---|---|---|
| 001 | 200452872 | ||
| 003 | TR-AnTOB | ||
| 005 | 20241025093231.0 | ||
| 007 | ta | ||
| 008 | 211021s2021 tu 001 0 tur d | ||
| 020 |
_a9789755372815 _q(hardback) |
||
| 040 |
_aTR-AnTOB _beng _erda _cTR-AnTOB _dTR-AnTOB |
||
| 041 | 0 | _atur | |
| 050 | 1 | 4 |
_aKKX920 _b.A75 2021 |
| 090 |
_aKKX920 _b.A75 2021 |
||
| 100 | 1 |
_aArkan, Sabih, _d1948- _eauthor _9111542 |
|
| 245 | 1 | 0 |
_aTicari işletme hukuku / _cProf. Dr. Sabih Arkan. |
| 250 | _aSon değişikliklere göre hazırlanmış yirmi yedinci bası. | ||
| 264 | 1 |
_aAnkara : _bBanka ve Ticaret Hukuku Araştırma Enstitüsü Yayınları, _c2021. |
|
| 300 |
_axxxi, 468 pages ; _c24 cm |
||
| 336 |
_atext _btxt _2rdacontent |
||
| 337 |
_aunmediated _bn _2rdamedia |
||
| 338 |
_avolume _bnc _2rdacarrier |
||
| 490 | 0 |
_aBanka ve Ticaret Hukuku Araştırma Enstitüsü. Yayın No ; _v549 |
|
| 500 | _a30.06.2021 tarihinde yürürlükte olan mevzuata göre hazırlanmıştır. | ||
| 500 | _aIncludes index. | ||
| 650 | 7 |
_aTicaret hukuku _zTürkiye _2etuturkob _934380 |
|
| 942 |
_2lcc _cBK |
||
| 999 |
_c200452872 _d71084 |
||